000 00295nam a2200133Ia 4500
008 230917s9999||||xx |||||||||||||| ||und||
040 _e136058
_aMAIN
041 _aEnglish
082 _a352.054 S64B
100 _aSinha
245 0 _aUrban govts. in India
300 _a288p p.
942 _cBK
999 _c182032
_d182032